2018/19 Premier League first XI - Statistics

General Stats
  • This quiz has been taken 11 times
  • The average score is 94 of 220
Answer Stats
Answer % Correct
Petr Čech
88%
Shkodran Mustafi
88%
Adrien Silva
75%
Alexis Sánchez
75%
Alisson
75%
Álvaro Morata
75%
Andy Robertson
75%
Antonio Rüdiger
75%
Bernardo Silva
75%
David de Gea
75%
Davinson Sánchez
75%
Dele Alli
75%
Diogo Jota
75%
Ederson
75%
Granit Xhaka
75%
Héctor Bellerín
75%
İlkay Gündoğan
75%
James Milner
75%
Jordan Pickford
75%
Luke Shaw
75%
Marcos Alonso
75%
Marcus Rashford
75%
Mohamed Salah
75%
Pierre-Emerick Aubameyang
75%
Raheem Sterling
75%
Roberto Firmino
75%
Sadio Mané
75%
Sokratis Papastathopoulos
75%
Trent Alexander-Arnold
75%
Victor Lindelöf
75%
Virgil van Dijk
75%
Aaron Ramsey
63%
Aleksandar Mitrović
63%
Aymeric Laporte
63%
Cenk Tosun
63%
César Azpilicueta
63%
Eric Bailly
63%
Georginio Wijnaldum
63%
Harry Kane
63%
Harry Maguire
63%
Henrikh Mkhitaryan
63%
João Moutinho
63%
Joe Gomez
63%
John Stones
63%
Jorginho
63%
Joshua King
63%
Juan Mata
63%
Kasper Schmeichel
63%
Kepa Arrizabalaga
63%
Kyle Walker
63%
Mario Lemina
63%
Martin Dúbravka
63%
Mat Ryan
63%
Matteo Darmian
63%
Mesut Özil
63%
Michael Keane
63%
Naby Keïta
63%
Paul Pogba
63%
Pedro
63%
Raúl Jiménez
63%
Richarlison
63%
Riyad Mahrez
63%
Rúben Neves
63%
Rui Patrício
63%
Sergio Agüero
63%
Willian
63%
Aaron Wan-Bissaka
50%
Alex McCarthy
50%
Andre Gray
50%
Asmir Begović
50%
Benjamin Mendy
50%
Bobby de Cordova-Reid
50%
Christian Eriksen
50%
Conor Coady
50%
David Luiz
50%
Declan Rice
50%
Demarai Gray
50%
Fernandinho
50%
Fred
50%
Gylfi Sigurðsson
50%
Hugo Lloris
50%
James McArthur
50%
Jannik Vestergaard
50%
Jan Vertonghen
50%
Jóhann Guðmundsson
50%
Lucas Moura
50%
Luka Milivojević
50%
Łukasz Fabiański
50%
Matt Doherty
50%
Nathan Aké
50%
N'Golo Kanté
50%
Pascal Groß
50%
Séamus Coleman
50%
Stuart Armstrong
50%
Theo Walcott
50%
Troy Deeney
50%
Wayne Hennessey
50%
Wes Morgan
50%
Wilfried Zaha
50%
Willy Boly
50%
Aaron Mooy
38%
Abdoulaye Doucouré
38%
Adam Smith
38%
Andreas Pereira
38%
Arthur Masuaku
38%
Ayoze Pérez
38%
Ben Davies
38%
Ben Foster
38%
Ben Mee
38%
Callum Wilson
38%
Christian Benteke
38%
Chris Wood
38%
Daniel Amartey
38%
Fabri
38%
Felipe Anderson
38%
Hélder Costa
38%
Idrissa Gueye
38%
Jack Cork
38%
Jamaal Lascelles
38%
James Maddison
38%
James Tarkowski
38%
Joe Hart
38%
Kelechi Iheanacho
38%
Leighton Baines
38%
Lewis Dunk
38%
Mamadou Sakho
38%
Mark Noble
38%
Marko Arnautović
38%
Matteo Guendouzi
38%
Matt Ritchie
38%
Michail Antonio
38%
Mohamed Diamé
38%
Moussa Sissoko
38%
Neil Etheridge
38%
Oriol Romeu
38%
Paul Dummett
38%
Ricardo Pereira
38%
Roberto Pereyra
38%
Ryan Fraser
38%
Serge Aurier
38%
Shane Duffy
38%
Stephen Ward
38%
Steve Cook
38%
Wilfred Ndidi
38%
Ainsley Maitland-Niles
25%
Angelo Ogbonna
25%
Ashley Westwood
25%
Ben Chilwell
25%
Bernardo
25%
Bruno Ecuele Manga
25%
Christian Kabasele
25%
Ciaran Clark
25%
Craig Cathcart
25%
Cyrus Christie
25%
Dale Stephens
25%
Daryl Janmaat
25%
David Brooks
25%
DeAndre Yedlin
25%
Eric Dier
25%
Fabián Balbuena
25%
Florent Hadergjonaj
25%
Jack Stephens
25%
Jack Wilshere
25%
Jean Michaël Seri
25%
Jeff Hendrick
25%
Jeffrey Schlupp
25%
Jonny
25%
José Holebas
25%
Joselu
25%
Kevin McDonald
25%
Mathias Jørgensen
25%
Matt Lowton
25%
Morgan Schneiderlin
25%
Nathaniel Mendez-Laing
25%
Nathan Redmond
25%
Patrick van Aanholt
25%
Philip Billing
25%
Ross Barkley
25%
Ryan Bertrand
25%
Ryan Sessegnon
25%
Sol Bamba
25%
Solly March
25%
Steve Mounié
25%
Terence Kongolo
25%
Tom Cairney
25%
Aaron Lennon
13%
Alex Pritchard
13%
André Schürrle
13%
Andrew Surman
13%
Andros Townsend
13%
Anthony Knockaert
13%
Ben Hamer
13%
Bruno Saltor
13%
Callum Paterson
13%
Calum Chambers
13%
Cédric Soares
13%
Charlie Austin
13%
Charlie Daniels
13%
Chris Löwe
13%
Christopher Schindler
13%
Dan Gosling
13%
Davy Pröpper
13%
Étienne Capoue
13%
Glenn Murray
13%
James Tomkins
13%
Joe Bennett
13%
Joe Bryan
13%
Joe Ralls
13%
Jonathan Hogg
13%
Jonjo Shelvey
13%
Junior Hoilett
13%
Kenedy
13%
Lee Peltier
13%
Maxime Le Marchand
13%
Phil Jagielka
13%
Ryan Bennett
13%
Ryan Fredericks
13%
Sean Morrison
13%
Wesley Hoedt
13%
Will Hughes
13%
No matching quizzes found
Score Distribution
Percent of People with Each Score
Percentile by Number Answered
Your Score History
You have not taken this quiz